[Event "GRE-chT 50th"]
[Site "Nikaia"]
[Date "2023.08.26"]
[Round "3.2"]
[White "Stoumbos, Konstantinos"]
[Black "Sandalakis, Angelos"]
[Result "0-1"]
[WhiteElo "2117"]
[BlackElo "2417"]
[PlyCount "40"]
[EventDate "2023.08.25"]
[EventType "team"]
[EventRounds "9"]
[EventCountry "GRE"]
[SourceTitle "EXT 2024"]
[Source "ChessBase"]
[SourceDate "2023.10.10"]
[SourceVersion "1"]
[SourceVersionDate "2023.10.10"]
[SourceQuality "1"]
[WhiteTeam "Panionios"]
[BlackTeam "Kavalas"]
[WhiteTeamCountry "GRE"]
[BlackTeamCountry "GRE"]

1. e4 c6 2. d4 d5 3. f3 e6 4. Nc3 Nf6 5. Bg5 Qb6 6. a3 c5 7. exd5 cxd4 8. Bb5+ Nbd7 9. dxe6 fxe6 10. Bxf6 gxf6 11. Bxd7+ Bxd7 12. Ne4 Bg7 13. Ne2 f5 14. N4g3 h5 15. Nf4 0-0-0 16. Nfxh5 Bh6 17. f4 e5 18. 0-0 e4 19. Qd2 Bf8 20. Rfd1 Be8 0-1

[Event "Arandjelovac op 2nd"]
[Site "Arandjelovac"]
[Date "2023.07.31"]
[Round "1"]
[White "Sandalakis, Angelos"]
[Black "Ghazaryan, Raffi"]
[Result "1-0"]
[WhiteElo "2417"]
[BlackElo "2070"]
[PlyCount "77"]
[EventDate "2023.07.31"]
[EventType "swiss"]
[EventRounds "9"]
[EventCountry "SRB"]
[SourceTitle "CBM 215 Extra"]
[Source "ChessBase"]
[SourceDate "2023.09.30"]
[SourceVersion "1"]
[SourceVersionDate "2023.09.30"]
[SourceQuality "1"]

1. d4 Nf6 2. c4 e6 3. Nc3 Bb4 4. e3 0-0 5. Bd3 d5 6. a3 Bxc3+ 7. bxc3 c5 8. Ne2 b6 9. 0-0 Ba6 10. cxd5 Bxd3 11. Qxd3 Qxd5 12. f3 Nc6 13. e4 Qd6 14. Rd1 cxd4 15. cxd4 Nd7 16. Be3 Rac8 17. Rac1 Rfe8 18. Qa6 Ndb8 19. Qa4 Na5 20. d5 exd5 21. Rxc8 Rxc8 22. Rxd5 Qc6 23. Qd1 h6 24. Nd4 Qc3 25. Nf5 Kh7 26. Rd3 Qc2 27. Qa1 f6 28. Rd5 Rc3 29. Qe1 Rxa3 30. h3 Qc7 31. Rd1 Nc4 32. Rc1 Qf7 33. Bxh6 Nc6 34. Bxg7 Qh5 35. Rxc4 Ne5 36. Rc3 Nd3 37. Qd2 Ra1+ 38. Kh2 Ne1 39. Bxf6 1-0

[Event "La Roda op 49th"]
[Site "La Roda"]
[Date "2023.04.09"]
[Round "8"]
[White "Sandalakis, Angelos"]
[Black "Gomez Falagan, Daniel"]
[Result "0-1"]
[WhiteElo "2425"]
[BlackElo "2197"]
[PlyCount "28"]
[EventDate "2023.04.05"]
[EventType "swiss"]
[EventRounds "9"]
[EventCountry "ESP"]
[SourceTitle "CBM 213 Extra"]
[Source "ChessBase"]
[SourceDate "2023.05.31"]
[SourceVersion "1"]
[SourceVersionDate "2023.05.31"]
[SourceQuality "1"]

1. d4 Nf6 2. c4 e6 3. Nc3 Bb4 4. e3 0-0 5. Bd3 d5 6. Nf3 dxc4 7. Bxc4 c5 8. 0-0 cxd4 9. exd4 b6 10. Qb3 Bxc3 11. bxc3 Bb7 12. Ba3 Re8 13. Bb5 Nc6 14. Ne5 Qc7 0-1

[Event "GRE-chT 49th"]
[Site "Thessaloniki"]
[Date "2022.08.15"]
[Round "5.1"]
[White "Sandalakis, Angelos"]
[Black "Kapnisis, Spyridon"]
[Result "1/2-1/2"]
[WhiteElo "2412"]
[BlackElo "2459"]
[PlyCount "69"]
[EventDate "2022.08.12"]
[EventType "team-swiss"]
[EventRounds "7"]
[EventCountry "GRE"]
[SourceTitle "CBM 209 Extra"]
[Source "ChessBase"]
[SourceDate "2022.09.30"]
[SourceVersion "1"]
[SourceVersionDate "2022.09.30"]
[SourceQuality "1"]
[WhiteTeam "Kavalas"]
[BlackTeam "Eaao Fysiolatris Nikias"]
[WhiteTeamCountry "GRE"]
[BlackTeamCountry "GRE"]

1. e4 c5 2. Nf3 Nc6 3. d4 cxd4 4. Nxd4 Nf6 5. Nc3 d6 6. Bg5 g6 7. Bxf6 exf6 8. Bc4 Bg7 9. 0-0 0-0 10. Ndb5 f5 11. Nxd6 fxe4 12. Ncxe4 Ne5 13. Bb3 a5 14. a4 Qh4 15. g3 Qe7 16. Nxc8 Raxc8 17. Qe2 Qb4 18. Nc3 Rfe8 19. Nd5 Qc5 20. Rad1 Nc6 21. Qf3 Nd4 22. Nf6+ Bxf6 23. Qxf6 Nxb3 24. cxb3 Qe5 25. Qxe5 Rxe5 26. Rc1 Rce8 27. Rc7 Re2 28. Rxb7 Rxb2 29. Rb5 Ree2 30. Kg2 h5 31. h4 Kg7 32. Kf3 Rec2 33. Kg2 Rd2 34. Rxa5 Rxb3 35. Re5 1/2-1/2

[Event "GRE-chT 49th"]
[Site "Thessaloniki"]
[Date "2022.08.13"]
[Round "3.3"]
[White "Ioannidis, Evgenios"]
[Black "Sandalakis, Angelos"]
[Result "1-0"]
[WhiteElo "2500"]
[BlackElo "2412"]
[PlyCount "70"]
[EventDate "2022.08.12"]
[EventType "team-swiss"]
[EventRounds "7"]
[EventCountry "GRE"]
[SourceTitle "CBM 209 Extra"]
[Source "ChessBase"]
[SourceDate "2022.09.30"]
[SourceVersion "1"]
[SourceVersionDate "2022.09.30"]
[SourceQuality "1"]
[WhiteTeam "Amo Galaxias"]
[BlackTeam "Kavalas"]
[WhiteTeamCountry "GRE"]
[BlackTeamCountry "GRE"]

1. c4 c5 2. Nf3 Nc6 3. Nc3 Nf6 4. e3 e6 5. d4 d5 6. a3 a6 7. Be2 dxc4 8. Bxc4 b5 9. Ba2 Bb7 10. 0-0 Qc7 11. Qe2 Rd8 12. Rd1 Be7 13. d5 exd5 14. Nxd5 Nxd5 15. Bxd5 0-0 16. e4 Na5 17. Bd2 Bxd5 18. Bxa5 Qxa5 19. Rxd5 Qc7 20. Rad1 Rfe8 21. a4 Qb8 22. axb5 axb5 23. h3 Rxd5 24. Rxd5 Bf8 25. Qd3 Qf4 26. Nd2 Ra8 27. g3 Qh6 28. Kg2 Qc6 29. Nf3 Qe8 30. Rd7 Be7 31. Qxb5 Rb8 32. Qc6 Rxb2 33. Qc7 Bf8 34. Rd8 Rb7 35. Qc8 Qxd8 1-0

[Event "GRE-chT 49th"]
[Site "Thessaloniki"]
[Date "2022.08.12"]
[Round "1.3"]
[White "Kalogridis, Antonios"]
[Black "Sandalakis, Angelos"]
[Result "0-1"]
[WhiteElo "2280"]
[BlackElo "2412"]
[PlyCount "62"]
[EventDate "2022.08.12"]
[EventType "team-swiss"]
[EventRounds "7"]
[EventCountry "GRE"]
[SourceTitle "CBM 209 Extra"]
[Source "ChessBase"]
[SourceDate "2022.09.30"]
[SourceVersion "1"]
[SourceVersionDate "2022.09.30"]
[SourceQuality "1"]
[WhiteTeam "Thessaloniki Aris"]
[BlackTeam "Kavalas"]
[WhiteTeamCountry "GRE"]
[BlackTeamCountry "GRE"]

1. d4 Nf6 2. c4 e6 3. Nc3 Bb4 4. f3 0-0 5. a3 Bxc3+ 6. bxc3 Nh5 7. Nh3 d6 8. e4 e5 9. f4 Nxf4 10. Nxf4 exf4 11. Bxf4 f5 12. exf5 Rxf5 13. Qd2 Nc6 14. Bd3 Qe7+ 15. Kd1 Rf8 16. Bg5 Bg4+ 17. Kc2 Qd7 18. Rab1 Na5 19. Rb5 b6 20. Re1 Rae8 21. Rxe8 Rxe8 22. c5 Bf5 23. Rb4 d5 24. Kb2 Bxd3 25. Qxd3 Qg4 26. Bc1 Qxg2+ 27. Kb1 Nc4 28. Rxc4 dxc4 29. Qxc4+ Kh8 30. Qf7 Qe4+ 31. Kb2 bxc5 0-1

[Event "GRE-chT Final 4 48th"]
[Site "Larisa"]
[Date "2021.11.07"]
[Round "2.1"]
[White "Sandalakis, Angelos"]
[Black "Livaic, Leon"]
[Result "0-1"]
[WhiteElo "2411"]
[BlackElo "2537"]
[PlyCount "90"]
[EventDate "2021.11.06"]
[EventType "team-k.o."]
[EventRounds "2"]
[EventCountry "GRE"]
[SourceTitle "CBM 205 Extra"]
[Source "ChessBase"]
[SourceDate "2022.01.31"]
[SourceVersion "1"]
[SourceVersionDate "2022.01.31"]
[SourceQuality "1"]
[WhiteTeam "Neapolis Sykeon"]
[BlackTeam "Kavalas SO"]
[WhiteTeamCountry "GRE"]
[BlackTeamCountry "GRE"]

1. Nf3 Nf6 2. c4 e6 3. d4 d5 4. Nc3 Bb4 5. Qa4+ Nc6 6. Bg5 dxc4 7. a3 Bxc3+ 8. bxc3 Qd5 9. Bxf6 gxf6 10. Nd2 b5 11. Qc2 Rb8 12. e4 Qd6 13. a4 a6 14. axb5 axb5 15. Rb1 Bd7 16. Be2 0-0 17. 0-0 e5 18. d5 Ne7 19. Rfd1 Kh8 20. g4 Rg8 21. h3 f5 22. exf5 Bxf5 23. Ne4 Qh6 24. Bf1 Nc8 25. Bg2 Bg6 26. Qe2 Qf4 27. Ra1 Bxe4 28. Qxe4 Qxe4 29. Bxe4 Nd6 30. f3 h5 31. Bc2 Ra8 32. Kf2 Kg7 33. h4 Kf6 34. g5+ Kg7 35. Re1 f6 36. f4 Rxa1 37. Rxa1 exf4 38. Ra7 fxg5 39. hxg5 Rc8 40. Kf3 b4 41. cxb4 Nb5 42. Rb7 Nd4+ 43. Kxf4 Nxc2 44. d6 Nxb4 45. Ke4 Na6 0-1

[Event "GRE-chT2 48th"]
[Site "Thessaloniki"]
[Date "2021.10.09"]
[Round "6.3"]
[White "Neugebauer, Martin"]
[Black "Sandalakis, Angelos"]
[Result "1-0"]
[WhiteElo "2485"]
[BlackElo "2437"]
[PlyCount "89"]
[EventDate "2021.10.05"]
[EventType "team-swiss"]
[EventRounds "7"]
[EventCountry "GRE"]
[SourceTitle "CBM 204 Extra"]
[Source "ChessBase"]
[SourceDate "2021.11.30"]
[SourceVersion "1"]
[SourceVersionDate "2021.11.30"]
[SourceQuality "1"]
[WhiteTeam "Galaxias"]
[BlackTeam "Neapolis Sykeon"]
[WhiteTeamCountry "GRE"]
[BlackTeamCountry "GRE"]

1. e4 c6 2. Nc3 d5 3. Nf3 Bg4 4. h3 Bxf3 5. Qxf3 e6 6. Be2 Nd7 7. 0-0 Ne7 8. d4 g6 9. Bf4 Bg7 10. Rfd1 0-0 11. Bh2 Nf6 12. a4 dxe4 13. Nxe4 Nxe4 14. Qxe4 Qd5 15. Qd3 Rad8 16. Qa3 Rd7 17. a5 a6 18. Rd3 Qg5 19. Rad1 Nf5 20. c3 Rfd8 21. f4 Qf6 22. g4 Nd6 23. b4 Nb5 24. Qc1 Qe7 25. Kh1 Bh6 26. Qe3 Bg7 27. Qf3 Bf6 28. Rf1 Bg7 29. Bd1 Qf6 30. Bb3 Nd6 31. Re3 h6 32. Bg3 Nb5 33. f5 exf5 34. Be5 Qh4 35. gxf5 Kh8 36. Bxg7+ Kxg7 37. fxg6 fxg6 38. Re4 Qg5 39. Rg4 Qh5 40. Qf6+ Kh7 41. Rh4 Qe2 42. Bf7 Qd3 43. Rg1 Rd6 44. Bxg6+ Qxg6 45. Rxg6 1-0

[Event "GRE-chT2 48th"]
[Site "Thessaloniki"]
[Date "2021.10.07"]
[Round "4.3"]
[White "Kalogeris, Ioannis"]
[Black "Sandalakis, Angelos"]
[Result "1-0"]
[WhiteElo "2339"]
[BlackElo "2437"]
[PlyCount "69"]
[EventDate "2021.10.05"]
[EventType "team-swiss"]
[EventRounds "7"]
[EventCountry "GRE"]
[SourceTitle "CBM 204 Extra"]
[Source "ChessBase"]
[SourceDate "2021.11.30"]
[SourceVersion "1"]
[SourceVersionDate "2021.11.30"]
[SourceQuality "1"]
[WhiteTeam "Thessaloniki ES"]
[BlackTeam "Neapolis Sykeon"]
[WhiteTeamCountry "GRE"]
[BlackTeamCountry "GRE"]

1. Nf3 Nf6 2. c4 Nc6 3. d4 e6 4. g3 Bb4+ 5. Nbd2 0-0 6. Bg2 Re8 7. 0-0 a5 8. Qc2 Bf8 9. b3 d6 10. Bb2 e5 11. e4 Bg4 12. h3 Bd7 13. Rfe1 a4 14. Bc3 axb3 15. axb3 Rxa1 16. Rxa1 exd4 17. Nxd4 Nxd4 18. Bxd4 Bc6 19. Kh2 g6 20. b4 Bg7 21. Qc3 Nh5 22. Bxg7 Nxg7 23. b5 Bd7 24. Nb3 Nh5 25. Ra7 b6 26. Nd4 Ng7 27. Nc2 Be6 28. Nb4 Qd7 29. h4 Rc8 30. Nc6 Ne8 31. h5 f6 32. Nd4 Rb8 33. e5 Kg7 34. exf6+ Nxf6 35. Rxc7 1-0

[Event "Donau op 28th"]
[Site "Aschach"]
[Date "2019.12.28"]
[Round "4"]
[White "Sandalakis, Angelos"]
[Black "Sedlak, Nikola"]
[Result "0-1"]
[WhiteElo "2433"]
[BlackElo "2559"]
[PlyCount "114"]
[EventDate "2019.12.26"]
[EventType "swiss"]
[EventRounds "7"]
[EventCountry "AUT"]
[SourceTitle "CBM 194 Extra"]
[Source "ChessBase"]
[SourceDate "2020.03.31"]
[SourceVersion "1"]
[SourceVersionDate "2020.03.31"]
[SourceQuality "1"]

1. e4 c6 2. d4 d5 3. e5 Bf5 4. h4 Qc7 5. Ne2 c5 6. dxc5 Nc6 7. Bf4 e6 8. Ng3 Bxc5 9. Nxf5 exf5 10. Qxd5 Qa5+ 11. Qd2 Qb6 12. Nc3 Bxf2+ 13. Kd1 Nge7 14. Bd3 0-0 15. h5 Bd4 16. Na4 Qd8 17. Re1 a6 18. Nc3 Rc8 19. Kc1 Nb4 20. Bg5 Qc7 21. Kb1 Nxd3 22. Qxd3 Rfd8 23. Qg3 f4 24. Bxf4 Nf5 25. Qh3 Bxc3 26. Qxc3 Qb6 27. Qf3 Nd4 28. Qe3 Rxc2 29. b3 Qc5 30. Rd1 Qa3 31. Qxd4 Rxd4 32. Kxc2 Qc5+ 33. Kb2 Qd5 34. Rdc1 h6 35. g3 Re4 36. Rc8+ Kh7 37. Rac1 Re2+ 38. R1c2 Qd4+ 39. Ka3 Re1 40. Rd2 Qb6 41. Rd5 Re2 42. Rcc5 Qe6 43. Rd8 Qf5 44. Rc7 Qxh5 45. Rxb7 Qh2 46. Rxf7 a5 47. Ka4 Re1 48. Ka3 Re2 49. Ka4 Rxa2+ 50. Kb5 Qe2+ 51. Kb6 Qf2+ 52. Ka6 a4 53. b4 Rc2 54. b5 Qe2 55. Rdd7 Qg4 56. b6 a3 57. b7 a2 0-1

[Event "Sivas op 1st"]
[Site "Sivas"]
[Date "2019.08.21"]
[Round "4"]
[White "Annaberdiyev, Babageldi"]
[Black "Sandalakis, Angelos"]
[Result "0-1"]
[WhiteElo "2242"]
[BlackElo "2439"]
[PlyCount "134"]
[EventDate "2019.08.19"]
[EventType "swiss"]
[EventRounds "9"]
[EventCountry "TUR"]
[SourceTitle "EXT 2020"]
[Source "ChessBase"]
[SourceDate "2019.10.17"]
[SourceVersion "1"]
[SourceVersionDate "2019.10.17"]
[SourceQuality "1"]

1. d4 Nf6 2. Nf3 e6 3. Bf4 c5 4. e3 Nc6 5. c3 d5 6. Nbd2 cxd4 7. exd4 Nh5 8. Bg5 f6 9. Ne5 g6 10. Nxc6 bxc6 11. Be3 Bd6 12. Be2 Nf4 13. Bf1 0-0 14. Nb3 Qc7 15. Qd2 Nh5 16. Be2 Ng7 17. Bh6 e5 18. h4 e4 19. Nc5 Re8 20. 0-0-0 Nf5 21. Be3 Nxe3 22. fxe3 Qe7 23. g4 Rf8 24. Rdf1 Bxc5 25. dxc5 Qxc5 26. h5 g5 27. h6 Be6 28. Rh2 Rf7 29. Rhf2 Raf8 30. Rg2 Qd6 31. Rd1 Rd8 32. Qd4 c5 33. Qa4 Qb6 34. Qb5 Qxb5 35. Bxb5 Rb7 36. Be2 Kf7 37. Rf2 Kg6 38. Rdf1 Rf7 39. Kd2 Rdf8 40. b4 cxb4 41. cxb4 Kxh6 42. Rh2+ Kg7 43. Rfh1 Rh8 44. Kc3 Rc7+ 45. Kb2 h6 46. a4 Rhc8 47. Bd1 Rc4 48. Rxh6 Bg8 49. b5 Rb4+ 50. Ka3 a5 51. bxa6 Rb6 52. Rh8 Rc3+ 53. Ka2 Rxa6 54. Bb3 Rxe3 55. Rxg8+ Kxg8 56. Bxd5+ Kg7 57. Bb3 Rg3 58. Bd1 Rd6 59. Re1 Rd2+ 60. Kb1 Rc3 61. a5 e3 62. a6 Rd6 63. Kb2 Rcd3 64. Be2 Rb6+ 65. Kc2 Ra3 66. Rb1 Ra2+ 67. Kc1 Raxa6 0-1

[Event "GRE CupT 1/8 f"]
[Site "Greece"]
[Date "2019.06.09"]
[Round "1"]
[White "Ioannidis, Evgenios"]
[Black "Sandalakis, Angelos"]
[Result "1/2-1/2"]
[WhiteElo "2429"]
[BlackElo "2407"]
[PlyCount "185"]
[EventDate "2019.06.09"]
[EventType "team-match"]
[EventRounds "1"]
[EventCountry "GRE"]
[SourceTitle "EXT 2020"]
[Source "ChessBase"]
[SourceDate "2019.10.17"]
[SourceVersion "1"]
[SourceVersionDate "2019.10.17"]
[SourceQuality "1"]
[WhiteTeam "Galaxias"]
[BlackTeam "Kavalas SO"]
[WhiteTeamCountry "GRE"]
[BlackTeamCountry "GRE"]

1. Nf3 Nf6 2. c4 e6 3. Nc3 Bb4 4. g4 h6 5. Rg1 d5 6. a3 Be7 7. d4 a6 8. Qc2 dxc4 9. e4 b5 10. g5 hxg5 11. Bxg5 Bb7 12. 0-0-0 Nbd7 13. h4 Nh5 14. d5 e5 15. a4 Bxg5+ 16. hxg5 Nc5 17. Kb1 b4 18. Ne2 c3 19. Nxe5 Qe7 20. Nd3 Nxe4 21. bxc3 bxc3 22. Nxc3 Rb8 23. Nb2 Nxc3+ 24. Qxc3 0-0 25. Bc4 Rfd8 26. g6 Rd6 27. gxf7+ Qxf7 28. Rg5 Qf6 29. Qxf6 Nxf6 30. Rdg1 Ne8 31. Kc2 Rbd8 32. Nd3 a5 33. Nf4 R8d7 34. Ne6 Bxd5 35. Rxd5 Rxd5 36. Nc5 Kf8 37. Nxd7+ Rxd7 38. Rg5 Nd6 39. Bd3 Rf7 40. Rxa5 Rxf2+ 41. Kc3 Ke7 42. Rc5 Kd7 43. a5 Rf3 44. Kc2 c6 45. a6 Rf2+ 46. Kb3 Kc7 47. a7 Rf8 48. Rg5 Kb6 49. Rxg7 Nb7 50. Kc3 Kxa7 51. Be4 Kb6 52. Rg6 Na5 53. Bd3 Rf3 54. Rh6 Rg3 55. Rf6 Nb7 56. Kc4 Nc5 57. Bc2 Nd7 58. Re6 Nc5 59. Rg6 Rh3 60. Rg4 Nd7 61. Re4 Nf6 62. Re6 Rh4+ 63. Kb3 Rf4 64. Kb2 Kb5 65. Re5+ c5 66. Rf5 Rb4+ 67. Kc3 Nd7 68. Bd3+ Kc6 69. Rh5 Rf4 70. Rf5 Rh4 71. Be2 Rh3+ 72. Rf3 Rh2 73. Bc4 Rh4 74. Re3 Nb6 75. Re6+ Kc7 76. Bb5 Nd5+ 77. Kc2 Nb4+ 78. Kb3 Rd4 79. Rh6 Kb7 80. Rg6 Rh4 81. Rf6 Ka7 82. Bc4 Rd4 83. Rh6 Kb7 84. Bb5 Kc7 85. Rg6 Rh4 86. Rf6 Rh1 87. Rg6 Rb1+ 88. Kc4 Rc1+ 89. Kb3 Kd8 90. Rg7 Kc8 91. Kb2 Rd1 92. Rg5 Rd2+ 93. Kb3 1/2-1/2

[Event "Paleochora op 11th"]
[Site "Paleochora"]
[Date "2018.07.22"]
[Round "6"]
[White "Sandalakis, Angelos"]
[Black "Koller, Hans Juergen"]
[Result "1-0"]
[WhiteElo "2448"]
[BlackElo "2173"]
[PlyCount "47"]
[EventDate "2018.07.18"]
[EventType "swiss"]
[EventRounds "9"]
[EventCountry "GRE"]
[SourceTitle "CBM 186 Extra"]
[Source "ChessBase"]
[SourceDate "2018.08.24"]
[SourceVersion "1"]
[SourceVersionDate "2018.08.24"]
[SourceQuality "1"]

1. e4 d6 2. d4 Nf6 3. f3 e5 4. dxe5 dxe5 5. Qxd8+ Kxd8 6. Bc4 Be6 7. Bxe6 fxe6 8. Be3 Bd6 9. Nd2 Ke7 10. Ne2 Nbd7 11. Nc1 b5 12. a4 a6 13. Nd3 h6 14. Ke2 Rhb8 15. Nb3 Rc8 16. Na5 Nb8 17. Rhc1 c5 18. axb5 axb5 19. c4 bxc4 20. Nxc4 Rxa1 21. Rxa1 Nfd7 22. Ra7 Rc6 23. Ndxe5 Ra6 24. Rxa6 1-0

[Event "GRE-chT 46th"]
[Site "Rio Achaia"]
[Date "2018.07.14"]
[Round "6.15"]
[White "Istratescu, Andrei"]
[Black "Sandalakis, Angelos"]
[Result "1/2-1/2"]
[WhiteElo "2575"]
[BlackElo "2448"]
[PlyCount "88"]
[EventDate "2018.07.10"]
[EventType "team"]
[EventRounds "7"]
[EventCountry "GRE"]
[SourceTitle "CBM 185 Extra"]
[Source "ChessBase"]
[SourceDate "2018.07.29"]
[SourceVersion "1"]
[SourceVersionDate "2018.07.29"]
[SourceQuality "1"]
[WhiteTeam "Kalamata Poseidon"]
[BlackTeam "Asos Rodou Hippotis"]
[WhiteTeamCountry "GRE"]
[BlackTeamCountry "GRE"]

1. e4 c6 2. d4 d5 3. Nc3 dxe4 4. Nxe4 Nd7 5. Ng5 Ngf6 6. Bd3 e6 7. N1f3 Bd6 8. Qe2 h6 9. Ne4 Nxe4 10. Qxe4 Qc7 11. Qg4 Kf8 12. 0-0 b6 13. b3 Nf6 14. Qh4 Bb7 15. Bb2 Nd5 16. Ne5 g5 17. Qg4 f5 18. Qg3 Bxe5 19. dxe5 Nf4 20. Rfd1 c5 21. f3 Kf7 22. Bf1 Rhd8 23. h4 Rxd1 24. Rxd1 Rd8 25. Qe1 gxh4 26. Rd6 Qe7 27. Bc1 Rxd6 28. exd6 Qxd6 29. Qxh4 Qd4+ 30. Kh2 Ng6 31. Qxh6 Bd5 32. Bb5 Qe5+ 33. Kh3 Qe1 34. Be8+ Kxe8 35. Qxg6+ Kd7 36. Qg7+ Kd6 37. Bf4+ e5 38. Qf8+ Kd7 39. Qg7+ Kd6 40. Qf6+ Be6 41. Qd8+ Kc6 42. Qe8+ Kd6 43. Qb8+ Kc6 44. Qxe5 Qxe5 1/2-1/2